[Event "Vilafranca del Penedes op 2nd"]
[Site "Vilafranca del Penedes"]
[Date "2008.04.25"]
[Round "3.8"]
[White "Gil Nunez, Roger"]
[Black "Torres Martinez, Jordi"]
[Result "1/2-1/2"]
[WhiteElo "1955"]
[BlackElo "1749"]
[PlyCount "47"]
[EventDate "2008.04.11"]
[EventType "swiss"]
[EventRounds "8"]
[EventCountry "ESP"]
[SourceTitle "EXT 2024"]
[Source "ChessBase"]
[SourceDate "2023.10.10"]
[SourceVersion "1"]
[SourceVersionDate "2023.10.10"]
[SourceQuality "1"]

1. d4 Nf6 2. Nf3 d5 3. c3 c6 4. Bf4 e6 5. Nbd2 Bd6 6. Bxd6 Qxd6 7. Qc2 Nbd7 8. 0-0-0 Ng4 9. Rg1 Nxh2 10. Nxh2 Qxh2 11. Nf3 Qh6+ 12. e3 Qf6 13. Bd3 e5 14. dxe5 Nxe5 15. Nxe5 Qxe5 16. e4 Be6 17. exd5 Qxd5 18. c4 Qg5+ 19. Kb1 0-0-0 20. g3 Rxd3 21. Rxd3 Bf5 22. Rgd1 Bxd3 23. Rxd3 Qg6 24. Kc1 1/2-1/2